00178nam a2200073Ia 4500008004100000100000900041245002700050260002700077190216s9999||||xx |||||||||||||| ||und|| aNull 0aHindi-Rukoki Ki Sadika bVikas Publishing House